An introdution to English language teaching
Tallennettuna:
| Aineistotyyppi: | Kirja |
|---|---|
| Julkaistu: |
1988
|
| Tagit: |
Lisää tagi
Ei tageja, Lisää ensimmäinen tagi!
|
| Thư viện lưu trữ: | Mạng thư viện Đại học Đà Nẵng |
|---|
| LEADER | 00452nam a22001811a 4500 | ||
|---|---|---|---|
| 001 | 000037970 | ||
| 003 | 14265 | ||
| 005 | 20160412021207.0 | ||
| 008 | 160412s1988 000 | ||
| 082 | |a 4A(07)1482 | ||
| 245 | |a An introdution to English language teaching |c John Haycraft | ||
| 260 | |c 1988 | ||
| OWN | |a LNN | ||
| 999 | |a From the UDN01 | ||
| TYP | |a Monograph | ||
| 980 | |a Mạng thư viện Đại học Đà Nẵng | ||